Residue reviews V.15: (Record no. 162880)
[ view plain ]
| 000 -LEADER | |
|---|---|
| fixed length control field | 00635nam a22001697a 4500 |
| 003 - CONTROL NUMBER IDENTIFIER | |
| control field | OSt |
| 082 ## - DEWEY DECIMAL CLASSIFICATION NUMBER | |
| Classification number | 577 |
| Item number | GUN/RE |
| 245 ## - TITLE STATEMENT | |
| Title | Residue reviews V.15: |
| Remainder of title | residues of pesticides and other foreign chemicals in food and feed |
| 260 ## - PUBLICATION, DISTRIBUTION, ETC. (IMPRINT) | |
| Place of publication, distribution, etc | Berlin |
| Name of publisher, distributor, etc | Springer - verlag |
| Date of publication, distribution, etc | 1966 |
| 300 ## - PHYSICAL DESCRIPTION | |
| Extent | 121p. |
| 546 ## - LANGUAGE | |
| Language note | English |
| 650 ## - SUBJECT ADDED ENTRY--TOPICAL TERM | |
| Topical term or geographic name as entry element | Pesticides and food additives in sugarcane and sugar products |
| 650 ## - SUBJECT ADDED ENTRY--TOPICAL TERM | |
| Topical term or geographic name as entry element | The present situation of toxicology in the field of crop protection |
| 650 ## - SUBJECT ADDED ENTRY--TOPICAL TERM | |
| Topical term or geographic name as entry element | Recovery, separation and identification of organic pesticides from natural and potable waters |
| 700 ## - ADDED ENTRY--PERSONAL NAME | |
| Personal name | Gunther, Francis A |
| 942 ## - ADDED ENTRY ELEMENTS (KOHA) | |
| Source of classification or shelving scheme | Dewey Decimal Classification |
| Koha item type | Reference Book |
| Lost status | Source of classification or shelving scheme | Damaged status | Not for loan | Collection code | Home library | Current library | Shelving location | Date acquired | Total Checkouts | Full call number | Barcode | Date last seen | Koha item type | Public note |
|---|---|---|---|---|---|---|---|---|---|---|---|---|---|---|
| Dewey Decimal Classification | Not For Loan | Reference Book | KAU Central Library, Thrissur | KAU Central Library, Thrissur | Reference | 10/12/2018 | 577 GUN/RE | 906546 | 10/12/2018 | Reference Book | Book transferred from CoH Library, Acc.No: 12774 |
